Statistiques concernant Mass Effect - Lieux

Cliquez ici pour prendre le quiz!

Statistiques générales

  • Ce quiz a été pris 56 fois
  • Le résultat moyen est 4 sur 12

Statistiques - réponses

Réponse% Correct
Omega
90%
Citadelle
88%
Virmire
54%
Ilos
49%
Noveria
37%
Creuset
29%
Ilium
29%
Eos
17%
Nexus
17%
Meridiane
5%
Elaaden
2%
Base Récolteurs
0%

Distribution des résultats

Percentile par nombre de réponses

% des personnes avec chaque résultat

Votre développement - résultats

Vous n’avez pas pris ce quiz